Škodí venkovní reklama lidskému zdraví?
Formy vonkajšej reklamy. Reklamné plochy pri cestách a diaľniciach a ich vplyv na vodičov. Výber medzi outdoorom a indoorom. Ovplyvnenie spotrebiteľa priamo na mieste predaja prostredníctvom indoorovej reklamy. Možnosti a výhody vonkajšej reklamy. Kreativita a nápaditosť reklamy. Spolupráca zadavate...
Salvato in:
| Autore principale: | |
|---|---|
| Natura: | Capitolo di libro |
| Lingua: | ceco |
| Soggetti: | |
| Tags: |
Nessun Tag, puoi essere il primo ad aggiungerne!!
|
MARC
| LEADER | 00000naa$a2200000$$$4500 | ||
|---|---|---|---|
| 001 | 0036974 | ||
| 005 | 20231018124944.6 | ||
| 041 | 0 | |a cze | |
| 044 | |a CZ | ||
| 245 | 1 | 0 | |a Škodí venkovní reklama lidskému zdraví? |c Pavel Cechl |
| 520 | |a Formy vonkajšej reklamy. Reklamné plochy pri cestách a diaľniciach a ich vplyv na vodičov. Výber medzi outdoorom a indoorom. Ovplyvnenie spotrebiteľa priamo na mieste predaja prostredníctvom indoorovej reklamy. Možnosti a výhody vonkajšej reklamy. Kreativita a nápaditosť reklamy. Spolupráca zadavateľa s reklamnou agentúrou. | ||
| 610 | 2 | 0 | |a reklama |
| 610 | 2 | 0 | |a reklama vonkajšia |
| 610 | 2 | 0 | |a komunikácia masová |
| 610 | 2 | 0 | |a podpora predaja |
| 610 | 2 | 0 | |a spotrebitelia |
| 610 | 2 | 0 | |a skupiny vekové |
| 610 | 2 | 0 | |a produkty |
| 610 | 2 | 0 | |a služby |
| 100 | 1 | |a Cechl, Pavel | |